| 000 | 01522nam2a22002651 4500 | ||
|---|---|---|---|
| 001 | RU\NLR\INFOCOMM19\5000022938 | ||
| 005 | 20250617032914.0 | ||
| 035 | _a(NLR Aleph) 002415483 | ||
| 090 |
_a1855505 _c1855505 |
||
| 100 | _a20050120d1954 |||y0rusy50 ca | ||
| 101 | 0 | _arus | |
| 102 | _aRU | ||
| 105 | _ay ||||000|y | ||
| 200 | 1 |
_aВысокопроизводительное точение чугуна по методу В.А. Колесова _fН.Н. Зорев и А.Я. Артамонов |
|
| 210 |
_d1954 _aБ. м. |
||
| 461 | 0 |
_1001RU\NLR\INFOCOMM19\5000022824 _12001#$aНаучно-техническая информация$fМ-во тяж. машиностроения СССР. Центр. науч.-исслед. ин-т технологии и машиностроения. (ЦНИИТМаш)$v1954, Вып.26 _91855185 _aЦентральный научно-исследовательский институт технологии и машиностроения (Москва) _cМ. _d1949-1957 _fМ-во тяж. машиностроения СССР. Центр. науч.-исслед. ин-т технологии и машиностроения. (ЦНИИТМаш) _nМашгиз _tНаучно-техническая информация _v1954, Вып.26 |
|
| 700 | 1 |
_aЗорев _bН.Н. _4070 |
|
| 701 | 1 |
_aАртамонов _bА.Я. _4070 |
|
| 801 | 1 |
_aRU _bInfoComm _c20050120 |
|
| 801 | 0 |
_aRU _bNLR _gPSBO |
|
| 852 |
_aNLR _jП10/865 |
||
| 942 | _cISSUE | ||
| 980 | _aNB | ||
| 980 | _aRUSPER | ||